| Tag |
First Indicator |
Second Indicator |
Subfields |
| LEADER |
00000cam a2200000 4500 |
| 001 |
in00000072113 |
| 005 |
20151008052425.0 |
| 008 |
780513s1948 nyu 00000 eng |
| 010 |
|
|
|a 48009228
|
| 035 |
|
|
|a (OCoLC)03891016
|
| 035 |
|
|
|9 AAH3269AM
|
| 040 |
|
|
|a DLC
|c APL
|d TXA
|d UtOrBLW
|
| 049 |
|
|
|a TXAM
|c [167170]
|
| 050 |
|
0 |
|a HV3191
|b .B4
|
| 082 |
0 |
|
|a 361
|
| 092 |
|
|
|a 361
|b B527h
|
| 100 |
1 |
|
|a Bernheimer, Charles Seligman,
|d 1868-1960.
|
| 245 |
1 |
0 |
|a Half a century in community service.
|
| 264 |
|
1 |
|a New York :
|b Association Press,
|c 1948.
|
| 300 |
|
|
|a xi, 146 pages ;
|c 21 cm.
|
| 336 |
|
|
|a text
|b txt
|2 rdacontent
|
| 337 |
|
|
|a unmediated
|b n
|2 rdamedia
|
| 338 |
|
|
|a volume
|b nc
|2 rdacarrier
|
| 504 |
|
|
|a "Periodical contributions": pages 135-138.
|
| 650 |
|
0 |
|a Jews
|z United States
|x Charities.
|
| 650 |
|
0 |
|a Social settlements.
|
| 999 |
|
|
|a MARS
|
| 999 |
f |
f |
|s 8e6d64c5-6a3f-35ef-a9da-68c6e8d606c3
|i fd164299-106d-3a06-9477-ca1be1f3a66d
|t 0
|
| 952 |
f |
f |
|p ric
|a Texas A&M University
|b Rellis Campus
|c Joint Library Facility
|d Remote Storage
|t 0
|e HV3191 .B4
|h Library of Congress classification
|i unmediated -- volume
|m A14800808447
|
| 998 |
f |
f |
|a HV3191 .B4
|t 0
|l Remote Storage
|